• 首页
  • 本馆介绍
  • 公告通知
  • 最新文献
  • 馆藏检索
  • 电子资源
  • 读者导购
  • 参考咨询
  • 我的图书馆
  • 登录
  • 详细信息显示
  • 放入我的书架
  • 预约/预借图书
  • 作者相关作品
  • 分类相关作品
  • 丛书相关作品
  • 出版社相关作品

书目信息

  • 表格格式
  • 工作单格式
  • 卡片格式
题名:
中国气候对全球升温响应的区域差异研究
    
 
作者: 卢爱刚 著
分册:  
出版信息: 北京   气象出版社  2009.08
页数: 112页
开本: 23cm
丛书名:
单 册:
中图分类: P468.2
科图分类:
主题词: 气候变化--研究--中国 , 气候变化
电子资源:
ISBN: 978-7-5029-4798-9
000 01181nam0 2200265 450
001 010800017424
005 20091230085623.89
010    @a978-7-5029-4798-9@dCNY20.00
100    @a20091123d2009 em y0chiy0110 ea
101 0  @achi
102    @aCN@b110000
105    @aa z 000yy
106    @ar
200 1  @a中国气候对全球升温响应的区域差异研究@9zhong guo qi hou dui quan qiu sheng wen xiang ying de qu yu cha yi yan jiu@dAsynchronous responses of climate across China to global warming@f卢爱刚著@zeng
210    @a北京@c气象出版社@d2009.08
215    @a112页@c图@d23cm
300    @a中国科学院(KZCX2-YW-145)和渭南师范学院专项资金资助
330    @a本书主要是对全球升温下中国区域气候变化的区域差异进行研究,运用MannKendall趋势分析方法、插值法以及相关分析法,通过分析网格资料和中国气象中心全国160个站点的长期观测资料,重点对中国半个世纪以来的气温和降水区域变化的差异性及其主要形成机制进行了探讨。
510 1  @aAsynchronous responses of climate across China to global warming@zeng
606 0  @a气候变化@x研究@y中国
606 0  @a气候变化
690    @aP468.2@v4
701  0 @a卢爱刚@9lu ai gang@4著
801  0 @aCN@bRENTIAN@c20091230
905    @b20798807-11@dP468.2@e73@f5
    
    中国气候对全球升温响应的区域差异研究=Asynchronous responses of climate across China to global warming/卢爱刚著.-北京:气象出版社,2009.08
    112页:图;23cm
    中国科学院(KZCX2-YW-145)和渭南师范学院专项资金资助
    
    ISBN 978-7-5029-4798-9:CNY20.00
    本书主要是对全球升温下中国区域气候变化的区域差异进行研究,运用MannKendall趋势分析方法、插值法以及相关分析法,通过分析网格资料和中国气象中心全国160个站点的长期观测资料,重点对中国半个世纪以来的气温和降水区域变化的差异性及其主要形成机制进行了探讨。
●
相关链接 在E读中查询图书 在五车中查询图书 在当当中查询图书 在豆瓣中查询图书


正题名:中国气候对全球升温响应的区域差异研究     索取号:P468.2/73         预约/预借

序号 登录号 条形码 馆藏地/架位号 状态 备注
1 798807   207988070   第二样本阅览室/ [索取号:P468.2/73] 在馆    
2 798808   207988089   第三借阅区/ [索取号:P468.2/73] 在馆    
3 798809   207988098   第三借阅区/ [索取号:P468.2/73] 在馆    
4 798810   207988105   第三借阅区/ [索取号:P468.2/73] 在馆    
5 798811   207988114   第三借阅区/ [索取号:P468.2/73] 在馆    
唐山师范学院图书馆 欢迎您!
大连网信软件有限公司© 版权所有